|
|
|
|
| LEADER |
00000nab a2200000 a 4500 |
| 001 |
vtls000005012 |
| 003 |
SK-MaSNL |
| 005 |
20260303190636.0 |
| 008 |
111103c1978 xo 0 slo |
| 015 |
|
|
|a SNBRB19rr/mm-uuuuu
|
| 035 |
|
|
|a CL0015105
|
| 040 |
|
|
|a SNKBUCL
|b slo
|c SNKBUCL
|e AACR2
|
| 041 |
0 |
|
|a slo
|
| 044 |
|
|
|a xo
|c SK
|
| 080 |
|
|
|a 808.54
|2 1981
|
| 100 |
1 |
|
|a Holéczyová, Marta
|4 aut
|9 944532
|
| 245 |
1 |
0 |
|a Spoločná reč
|b Opäť letný seminár slovenského jazyka a kultúry
|c Marta Holéczyová
|
| 650 |
0 |
7 |
|a slovenčina
|2 snkbucl
|9 1350
|
| 650 |
0 |
7 |
|a slovakisti
|2 snkbucl
|9 71898
|
| 650 |
0 |
7 |
|a Studia Academica Slovaca
|2 snkbucl
|9 7309
|
| 651 |
|
7 |
|a 5100
|2 snkbucl
|9 166206
|
| 655 |
|
7 |
|a články z novín a časopisov
|2 snkbucl
|9 267496
|
| 773 |
0 |
|
|t Práca
|g Roč. 23, č. 185 (8. 8. 1978), s. 6
|
| 850 |
|
|
|a Slovenská národná knižnica v Martine
|a MTA001
|
| 852 |
|
|
|a SNK
|b KIS3GCP
|
| 958 |
|
|
|a RK
|
| 992 |
|
|
|a RBX
|
| 999 |
|
|
|c 2137352
|d 2139282
|